|
|
|
|
| LEADER |
00000nam0a2200000 4500 |
| 001 |
18501 |
| 005 |
20231101205217.0 |
| 010 |
|
|
|a 5289008330
|
| 035 |
|
|
|a (RuTPU)RU\TPU\book\18651
|
| 035 |
|
|
|a BOOK00018720
|
| 090 |
|
|
|a 18501
|
| 100 |
|
|
|a 20011209d1990 km y0rusy50 ca
|
| 101 |
0 |
|
|a rus
|
| 102 |
|
|
|a RU
|
| 105 |
|
|
|a y z 000zd
|
| 200 |
1 |
|
|a Ленинские эскизы к портретам друзей и противников
|f Г. М. Дейч
|
| 210 |
|
|
|a Ленинград
|c Лениздат
|d 1990
|
| 215 |
|
|
|a 239 с.
|
| 600 |
|
1 |
|2 stltpui
|3 (RuTPU)RU\TPU\pers\1074
|a Ленин
|b В. И.
|c настоящая фамилия Ульянов
|c российский политический деятель
|f 1870-1924
|g Владимир Ильич
|9 486
|
| 600 |
|
1 |
|a Сталин
|g Иосиф Виссарионович
|b И. В.
|f 1878-1953
|c российский политический и государственный деятель
|c Генеральный секретарь ЦК КПСС
|c настоящая фамилия Джугашвилли
|c псевдоним Коба
|2 stltpui
|3 (RuTPU)RU\TPU\pers\1058
|
| 600 |
|
1 |
|a Бухарин
|g Николай Иванович
|b Н. И.
|f 1888-1938
|c российский политический деятель
|c академик АН СССР
|2 stltpui
|3 (RuTPU)RU\TPU\pers\7
|
| 600 |
|
1 |
|a Аксельрод
|g Павел Борисович
|b П. Б.
|c участник российского революционного движения, народник
|f 1850-1928
|2 stltpui
|3 (RuTPU)RU\TPU\pers\426
|
| 600 |
|
1 |
|a Засулич
|b В. И.
|c деятель российского революционного движения
|c народница
|f 1849-1919
|g Вера Ивановна
|2 stltpush
|3 (RuTPU)RU\TPU\pers\12236
|9 3248
|
| 600 |
|
1 |
|a Кржижановский
|b Г. М.
|c российский государственный деятель, учёный, академик АН СССР
|c специалист в области энергетики
|f 1872-1959
|g Глеб Максимилианович
|2 stltpush
|3 (RuTPU)RU\TPU\pers\11517
|9 2711
|
| 600 |
|
1 |
|a Каменев
|b Л. Б.
|g Лев Борисович
|c настоящая фамилия Розенфельд
|c российский политический деятель
|f 1883-1936
|2 stltpush
|3 (RuTPU)RU\TPU\pers\12177
|
| 600 |
|
1 |
|a Зиновьев
|b Г. Е.
|c настоящая фамилия Радомысльский
|c российский политический деятель
|f 1883-1936
|g Григорий Евсеевич
|2 stltpush
|3 (RuTPU)RU\TPU\pers\12245
|9 3257
|
| 600 |
|
1 |
|a Троцкий
|g Лев Давидович
|b Л. Д.
|c настоящая фамилия Бронштейн
|c российский политический и государственный деятель
|f 1879-1940
|2 stltpui
|3 (RuTPU)RU\TPU\pers\1059
|
| 600 |
|
1 |
|a Мартов
|g Юлий Осипович
|b Ю. О.
|c настоящая фамилия Цедербаум
|c участник российского революционного движения
|f 1873-1923
|2 stltpui
|3 (RuTPU)RU\TPU\pers\1127
|
| 600 |
|
1 |
|a Федосеев
|b Н. Е.
|c один из первых российских марксистов-теоретиков
|f 1869-1898
|g Николай Евграфович
|2 stltpush
|3 (RuTPU)RU\TPU\pers\15920
|9 5560
|
| 606 |
1 |
|
|a Персоналии деятелей КПСС
|x История
|2 stltpush
|3 (RuTPU)RU\TPU\subj\48642
|9 67493
|
| 610 |
1 |
|
|a политика
|
| 610 |
1 |
|
|a Россия
|
| 610 |
1 |
|
|a КПСС
|
| 610 |
1 |
|
|a политические деятели
|
| 610 |
1 |
|
|a персоналии
|
| 610 |
1 |
|
|a история
|
| 686 |
|
|
|a Ф61(2)8
|v LBC/SL-A
|2 rubbk
|
| 700 |
|
1 |
|a Дейч
|b Г. М.
|g Генрих Маркович
|
| 801 |
|
0 |
|a RU
|b 63413507
|c 20011209
|g PSBO
|
| 801 |
|
2 |
|a RU
|b 63413507
|c 20210720
|g PSBO
|
| 942 |
|
|
|c BK
|